Керамические кислотоупорные материалы на основе сырья Уральского региона: диссертация на соискание ученой степени кандидата технических наук; спец. 05.17.11

Podrobná bibliografie
Hlavní autor: Павлова И. А. Ирина Аркадьевна
Korporativní autor: Уральский государственный технический университет - УПИ (УГТУ-УПИ)
Další autoři: Кащеев И. Д. Иван Дмитриевич (научный руководитель)
Shrnutí:Защищена 23.03.2010 г.
Jazyk:ruština
Vydáno: Томск, 2010
Témata:
Médium: Kniha
KOHA link:https://koha.lib.tpu.ru/cgi-bin/koha/opac-detail.pl?biblionumber=179115

MARC

LEADER 00000nbm0a2200000 4500
001 179115
005 20231101223443.0
035 |a (RuTPU)RU\TPU\book\194175 
035 |a RU\TPU\book\194173 
090 |a 179115 
100 |a 20100415j20100323k y0rusy50 ca 
101 0 |a rus 
102 |a RU 
105 |a a m 001zy 
200 1 |a Керамические кислотоупорные материалы на основе сырья Уральского региона  |e диссертация на соискание ученой степени кандидата технических наук  |e спец. 05.17.11  |f И. А. Павлова  |g Уральский государственный технический университет - УПИ (УГТУ-УПИ) ; науч. рук. И. Д. Кащеев 
210 |a Томск  |d 2010 
215 |a 198 л.  |c ил. 
300 |a Защищена 23.03.2010 г. 
320 |a Библиогр.: с. 168-190 (208 назв.). 
606 1 |a Кирпич глиняный  |x Производство  |2 stltpush  |3 (RuTPU)RU\TPU\subj\35018  |9 56813 
610 1 |a кислотоупорные материалы 
610 1 |a структура 
610 1 |a свойства 
610 1 |a получение 
610 1 |a применение 
610 1 |a исходные материалы 
610 1 |a глины 
610 1 |a плавни 
610 1 |a кислотоупорный кирпич 
610 1 |a керамические массы 
610 1 |a исследование 
610 1 |a диссертации 
675 |a 666.71(04)  |v 3 
686 |a 05.17.11  |2 oksvnk 
700 1 |a Павлова  |b И. А.  |g Ирина Аркадьевна 
702 1 |a Кащеев  |b И. Д.  |g Иван Дмитриевич  |4 727 
712 0 2 |a Уральский государственный технический университет - УПИ (УГТУ-УПИ)  |c (Екатеринбург)  |c (1992- )  |2 stltpush  |3 (RuTPU)RU\TPU\col\1041 
801 1 |a RU  |b 63413507  |c 20100415 
801 2 |a RU  |b 63413507  |c 20100428  |g RCR 
942 |c BK